[Event "AUTO-ADV-1490"]
[Site "http://www.queenalice.com/game.php?id=660887"]
[Date "2009.10.1"]
[Round "1"]
[White "marcelosgodoy"]
[Black "lukanov"]
[Result "1-0"]
[WhiteElo "1747"]
[BlackElo "1847"]

1. d4 e6 2. e3 d5 3. c3 Nf6 4. Nf3 c5 5. dxc5 Bxc5 6. h4 O-O 7. a3 Nc6 8. b4 Bb6
9. g3 e5 10. c4 Bg4 11. c5 Bc7 12. Bh3 Bxf3 13. Qxf3 e4 14. Qd1 Be5 15. Ra2 1-0

[Event "AUTO-ADV-1490"]
[Site "http://www.queenalice.com/game.php?id=660888"]
[Date "2009.10.1"]
[Round "1"]
[White "lukanov"]
[Black "marcelosgodoy"]
[Result "0-1"]
[WhiteElo "1847"]
[BlackElo "1771"]

1. d4 d5 2. c4 c6 3. Nc3 dxc4 4. e4 b5 5. b3 Qa5 6. Bd2 b4 7. Na4 c3 8. Bf4 f6
9. d5 cxd5 10. exd5 Bf5 11. d6 exd6 12. Bxd6 Bxd6 13. Qxd6 Qe5+ 14. Qxe5+ fxe5
15. Bb5+ Kd8 0-1

[Event "AUTO-ADV-1490"]
[Site "http://www.queenalice.com/game.php?id=660889"]
[Date "2009.10.1"]
[Round "1"]
[White "marcelosgodoy"]
[Black "Teutonik"]
[Result "1/2-1/2"]
[WhiteElo "1753"]
[BlackElo "1674"]

1. e4 e6 2. Nc3 c6 3. d3 d5 4. f3 d4 5. Nce2 c5 6. c3 e5 7. cxd4 cxd4 8. h4 Nc6
9. h5 g6 10. hxg6 fxg6 11. a4 Nf6 12. g4 Bb4+ 13. Bd2 Bxd2+ 14. Qxd2 O-O 15. Qh6
Kh8 16. g5 Nh5 17. Ng3 Qa5+ 18. Kf2 Qd2+ 19. Be2 Qe3+ 20. Kf1 Rf7 21. Nxh5 gxh5
22. Re1 Rg7 23. Rxh5 Nb4 24. Qf6 Kg8 25. g6 hxg6 26. Rxe5 Bd7 27. Re7 Rxe7 28.
Qxe7 Nxd3 29. Bxd3 Qxd3+ 30. Re2 Bc6 31. Qe6+ Kg7 32. Qe7+ Kg8 33. Qf6 Bxa4 34.
Qxg6+ Kh8 35. Qh6+ Kg8 36. Qg5+ Kf8 37. Qh6+ Ke8 38. Qh8+ Ke7 39. Qxa8 Qd1+ 40.
Re1 Qd3+ 41. Ne2 Qxf3+ 42. Kg1 Qg4+ 43. Kf1 Qf3+ 44. Kg1 Qg4+ 45. Kf1 Qf3+ 46.
Kg1 1/2-1/2

[Event "AUTO-ADV-1490"]
[Site "http://www.queenalice.com/game.php?id=660890"]
[Date "2009.10.1"]
[Round "1"]
[White "Teutonik"]
[Black "marcelosgodoy"]
[Result "1-0"]
[WhiteElo "1655"]
[BlackElo "1780"]

1. e4 e5 2. Nf3 Nc6 3. Be2 Nf6 4. d3 d6 5. O-O h5 6. Bg5 a5 7. Nc3 Be7 8. Bxf6
Bxf6 9. Nd5 g6 10. c3 Be6 11. Nxf6+ Qxf6 12. Qd2 O-O 13. Qh6 Qg7 14. Qxg7+ Kxg7
15. d4 exd4 16. cxd4 Nb4 17. a3 Nc6 18. d5 Ne7 19. dxe6 fxe6 20. Nd4 c5 21.
Nxe6+ Kg8 22. Nxf8 Rxf8 23. Bc4+ Kh7 24. Rad1 Rd8 25. e5 d5 26. Ba2 d4 27. f4 b6
28. h3 h4 29. Be6 Rf8 30. Kh2 b5 31. g4 b4 32. Rc1 bxa3 33. bxa3 Rb8 34. Rxc5
Rb2+ 35. Kh1 Rb7 36. f5 gxf5 37. gxf5 d3 38. f6 Ng6 39. Bf5 Kh6 40. Bxg6 Kxg6
41. Rc3 d2 42. Rd3 Rb2 43. Rd1 Kf7 44. R1xd2 Rxd2 45. Rxd2 a4 46. Rd4 Ke6 47.
Rxa4 Kxe5 48. Rxh4 Kxf6 49. Rh7 Kg6 50. Rb7 Kg5 51. a4 Kh4 52. a5 Kxh3 53. Kg1
Kg3 54. Rf7 Kg4 55. Kf1 Kg5 56. Kf2 Kg6 57. Rf3 Kg5 58. a6 Kg6 59. a7 Kg5 60.
a8=Q Kg6 61. Qg8+ Kh5 62. Rh3# 1-0

[Event "Challenge"]
[Site "http://www.queenalice.com/game.php?id=663629"]
[Date "2009.10.6"]
[Round "-"]
[White "marcelosgodoy"]
[Black "Trevuz"]
[Result "0-1"]
[WhiteElo "1803"]
[BlackElo "1708"]

1. Nc3 d5 2. d4 Nf6 3. e3 Bf5 4. f4 e6 5. g3 c5 6. dxc5 Bxc5 7. Bb5+ Nc6 8. h4
O-O 9. Nh3 Bxh3 10. Rxh3 Na5 11. a3 a6 12. Ba4 b5 13. Bb3 Nxb3 14. cxb3 b4 15.
axb4 Bxb4 16. Ra4 a5 17. Bd2 Bxc3 18. Bxc3 Ne4 19. Bb4 axb4 20. Rxa8 Qxa8 21. h5
Qa7 22. h6 Qxe3+ 23. Qe2 Qxb3 24. hxg7 Kxg7 25. Qg4+ Kh8 26. f5 Qe3+ 27. Qe2
Qxe2+ 28. Kxe2 Rg8 29. fxe6 fxe6 30. Kf3 Ng5+ 31. Kg2 Nxh3 32. Kxh3 d4 33. Kg2
d3 34. Kf2 d2 35. Ke2 Rd8 36. Kd1 e5 37. b3 e4 38. g4 e3 39. g5 e2+ 40. Kxe2
d1=Q+ 41. Ke3 Rd4 42. g6 Qd3+ 43. Kf2 Qc3 44. gxh7 Rd2+ 45. Ke1 Qc1# 0-1

[Event "Let's Play Chess!"]
[Site "http://www.queenalice.com/game.php?id=685094"]
[Date "2009.11.18"]
[Round "-"]
[White "Conde7"]
[Black "marcelosgodoy"]
[Result "1-0"]
[WhiteElo "2739"]
[BlackElo "1723"]

1. e4 e5 2. Nf3 d6 3. d4 Nc6 4. dxe5 dxe5 5. Qxd8+ Kxd8 6. Bc4 a6 7. Bxf7 Nh6 8.
Bb3 b5 9. Bd5 Bd7 10. Nxe5 Bb4+ 11. Bd2 a5 12. Bxc6 Bxc6 13. Nxc6+ Kd7 14. Nxb4
axb4 15. Bxb4 Rhe8 16. Nc3 Ng4 17. Ke2 Rac8 18. Rhd1+ Kc6 19. f3 Nxh2 20. Rh1
Nxf3 21. gxf3 h6 22. Rag1 Rg8 23. Rh5 Rb8 24. Rc5+ Kb6 25. Rg6+ c6 26. Rxb5+ Ka6
27. Rxc6+ Ka7 28. Bc5+ Rb6 29. Rcxb6 Rc8 30. Ra5# 1-0

[Event "Challenge"]
[Site "http://www.queenalice.com/game.php?id=685225"]
[Date "2009.11.18"]
[Round "-"]
[White "marcelosgodoy"]
[Black "DanizinhaBH"]
[Result "0-1"]
[WhiteElo "1707"]
[BlackElo "1666"]

1. d4 f5 2. f4 b6 3. e3 Bb7 4. c3 Nf6 5. b4 b5 6. Bxb5 Bxg2 7. Nh3 Bxh1 8. Nf2
Be4 9. Nd2 c6 10. Ndxe4 Nxe4 11. Nxe4 fxe4 12. Be2 d5 13. c4 e6 14. cxd5 Bxb4+
15. Bd2 Qh4+ 16. Kf1 Bxd2 17. Qxd2 Qxh2 18. Qe1 O-O 19. Qf2 Qh3+ 20. Qg2 Qxe3
21. Re1 Rxf4+ 22. Bf3 Rxf3+ 23. Qxf3 Qxf3+ 24. Kg1 exd5 25. Rf1 Qe3+ 26. Rf2
Qxd4 27. Kf1 Na6 28. a3 e3 29. Re2 Rf8+ 0-1

[Event "Challenge"]
[Site "http://www.queenalice.com/game.php?id=685226"]
[Date "2009.11.18"]
[Round "-"]
[White "marcelosgodoy"]
[Black "DanizinhaBH"]
[Result "0-1"]
[WhiteElo "1721"]
[BlackElo "1779"]

1. d4 d6 2. Nf3 Nc6 3. c3 h6 4. e3 Bg4 5. h3 Bxf3 6. Qxf3 e5 7. dxe5 Nxe5 8. Qd1
Nf6 9. g4 Be7 10. f4 Nc6 11. Bb5 Qd7 12. g5 hxg5 13. fxg5 Ne4 14. h4 Bxg5 15.
Nd2 Bxh4+ 16. Kf1 Qf5+ 17. Nf3 Ng3+ 18. Kg1 Nxh1 19. Kxh1 Qxb5 20. a4 Qb6 21.
Kg2 O-O-O 22. Qd5 Ne5 23. Nxe5 dxe5 24. Qxf7 Qc6+ 25. Kf1 Rhf8 26. Qxf8 Rxf8+
27. Kg1 Qg6+ 28. Kh2 Qg3+ 29. Kh1 Rf1# 0-1

[Event "AUTO-ADV-1490"]
[Site "http://www.queenalice.com/game.php?id=701482"]
[Date "2009.12.21"]
[Round "2"]
[White "Teutonik"]
[Black "marcelosgodoy"]
[Result "1-0"]
[WhiteElo "1715"]
[BlackElo "1740"]

1. e4 Nf6 2. e5 Nd5 3. d4 d6 4. f4 dxe5 5. fxe5 e6 6. Nf3 c6 7. Be2 a6 8. Bd2 g6
9. c4 Nb6 10. b3 f5 11. O-O 1-0

[Event "AUTO-ADV-1490"]
[Site "http://www.queenalice.com/game.php?id=701483"]
[Date "2009.12.21"]
[Round "2"]
[White "marcelosgodoy"]
[Black "paulogaspar"]
[Result "0-1"]
[WhiteElo "1676"]
[BlackElo "2070"]

1. e4 e6 2. d3 c5 3. f3 Nc6 4. Nc3 Nf6 5. Nb5 Qa5+ 6. Nc3 Nd4 7. a3 b5 8. a4 b4
9. Nce2 Nxe2 10. Bxe2 Bb7 11. b3 Be7 12. g4 d5 13. exd5 Nxd5 14. h4 Nc3 15. Qd2
Qc7 16. f4 Bxh1 0-1